000 00620nam a2200229Ia 4500
003 OSt
005 20220928125040.0
006 a|||||r|||| 00| 0
007 ta
008 220927b |||||||| |||| 00| 0 eng d
024 _a75865
037 _cTextual
040 _aSDCL
_cSDCL
_beng
041 _2eng
_aeng
082 _aV2y7N14, N7
100 _aBanerjee Surabhi
_9399144
245 0 _aJyoti Basu
_bThe authorized biography .
260 _aNew Delhi
_bViking Publishers
_c1997
300 _axvii ,333p
_ccm.
942 _hV2y7N14, N7
_cTEXL
_2CC
999 _c780630
_d780630